000 00506nam a2200181Ia 4500
001 17776
005 20260306171542.0
008 260306s9999||||xx |||||||||||||| ||und||
041 _aESP
082 _a658.1552
_bR62
100 _aRincón Soto, Carlos Augusto
_eAUT
245 0 _aGuía de costos para micro y pequeños empresarios:
_buna manera fácil y sencilla de crecer
260 _c2012
300 _axiii, 180 páginas :
_c24 cm.
650 _aGEN
654 _aCAN
942 _cLIB
_dJUS
_fJUS
_2ddc
_n
999 _c17776
_d17776